000 00678nam a2200265Ia 4500
005 20251020182459.0
008 200515s9999 xx 000 0 und d
020 _a978-84-8448-706-7
082 _a624.93/B24
100 _aBasterra Otero, Luis-Alfonso
245 0 _aConstrucción de Estructuras de madera
250 _a2a ed.
260 _aValladolid
260 _bUniversidad de Valladolid
260 _c2012
300 _a125 p.
300 _bil., col., tbl., graf.
490 _aARQUITECTURA Y URBANISMO, nº 70
500 _a1 ejemplar
650 _aESTRUCTURAS
650 _aESTRUCTURAS DE MADERA
650 _aMADERA
942 _cLIB
999 _c1115
_d1115